| 000 | 01641nam a22003857a 4500 | ||
|---|---|---|---|
| 003 | OSt | ||
| 005 | 20230628082346.0 | ||
| 008 | 221006b |||||||| |||| 00| 0 eng d | ||
| 040 | _cBiblioteca Lado V | ||
| 082 |
_a700 _bR696e |
||
| 110 |
_9856 _aFundación Gilberto Alzate Avendaño _eeditor |
||
| 245 |
_aErrata#/ _bDesobediencias sexuales/ |
||
| 260 |
_aColombia _c2016 _bInstituto Distrital de las Artes |
||
| 300 |
_c21.5x26cm _a256p. |
||
| 366 | _espa | ||
| 490 |
_a16 _v2016 _x2145-6399 |
||
| 505 | _tEDITORIAL | ||
| 505 |
_tLO COMUN DISENSUAL: PRODUCCION DE SABERES CRITICOS EN EXPOSICIONES _aEducar a los otros a través del arte Aprender desaprender economías feministas Aprender con los públicos |
||
| 505 |
_tANTE EL LUGAR COMUN: TRES REFLEXIONES SOBRE LO CURATORIAL _aMediar las practicas artísticas, Intersticios entre practicas pedagógicas y curatoriales en Colombia Un giro educativo |
||
| 505 | _tDOSSIER | ||
| 505 | _tENTREVISTA | ||
| 505 | _tA:DENTRO | ||
| 505 | _tA:FUERA | ||
| 505 | _tPUBLICADOS | ||
| 505 | _tINSERTO: Pablo Helguera | ||
| 650 |
_2Tesauro de Arte & Arquitectura _aARTE COMTEMPORANEO _9703 |
||
| 650 |
_2Tesauro de Arte & Arquitectura _aARTES VISUALES _9702 |
||
| 650 |
_2Tesauro de Arte & Arquitectura _aPEDAGOGIA _9702 |
||
| 650 |
_2Tesauro de Arte & Arquitectura _aCURADURIA |
||
| 650 |
_2Tesauro de Arte & Arquitectura _aCRITICA |
||
| 650 |
_2Tesauro de Arte & Arquitectura _aESPACIOS ARTISTICOS |
||
| 650 |
_2 Tesauro de Arte & Arquitectura _aCOLOMBIA |
||
| 700 |
_aNavarreta, Jose Antonio _eeditor |
||
| 942 |
_2ddc _c1 _h700 _iF981e _n0 |
||
| 999 |
_c3940 _d3940 |
||